Máthema: el arte del conocimiento

Uloženo v:
Podrobná bibliografie
Hlavní autor: Ongay Larios, Fausto (autor)
Médium: Kniha
Jazyk:španělština
Vydáno: Ciudad de México Fondo de Cultura Económica 2000
Edice:La Ciencia para todos, 177
Témata:
Tagy: Přidat tag
Žádné tagy, Buďte první, kdo vytvoří štítek k tomuto záznamu!

MARC

LEADER 00000cam a2200000 a 4500
001 UCO7878
003 CL-VaPUC
008 001124e20000000MX |||||||||||||||||spa|d
082 0 4 |a 510  |b ONG  |2 21 
100 |a Ongay Larios, Fausto  |e autor  |9 452648 
245 1 0 |a Máthema: el arte del conocimiento 
300 |a 182 p 
942 |c BK 
945 |d 20001124 00:00:00  |a vberengu 
260 |a Ciudad de México  |b Fondo de Cultura Económica  |c 2000 
650 0 |a Ciencias matemáticas   |9 354013 
650 0 |a Matemática  |9 260235 
650 0 |a Teoría de grupos   |9 270028 
583 |a last modification  |c 20160920 04:42:57  |k Rodrigo Vera 
490 0 |a La Ciencia para todos, 177 
999 |c 292721  |d 292719 
952 |0 0  |1 0  |4 0  |6 510_000000000000000_ONG_2000  |7 0  |8 A  |9 343782  |a BIBMAT  |b BIBMAT  |c E_DIDACT  |d 2019-11-20  |i 3659437  |o 510 ONG 2000  |p 3659437  |r 2025-01-07  |w 2019-11-20  |y BK  |k MAT 
952 |0 0  |1 0  |4 0  |6 510_000000000000000_ONG_2000  |7 0  |8 A  |9 343783  |a BIBING  |b BIBING  |d 2019-11-20  |i 487322K  |o 510 ONG 2000  |p 487322K  |r 2025-01-20  |w 2019-11-20  |y BK  |k CUI